Agentúry domácej starostlivosti v závoze

Na Slovensku sa doteraz lacnejší a humánnejší prístup k liečbe pacienta neujal, ADOS sú zatiaľ najslabším článkom poskytovanej zdravotnej starostlivosti. Finančné náklady na domácu starostlivosť sú nižšie ako na nemocničnú. Zavádzanie riadenej zdravotnej starostlivosti v USA. Tvorba a zdroje príjmov...

Descrizione completa

Salvato in:
Dettagli Bibliografici
Autore principale: Krištofičová, Dagmar
Natura: Capitolo di libro
Lingua:slovacco
Soggetti:
Tags: Aggiungi Tag
Nessun Tag, puoi essere il primo ad aggiungerne!!

MARC

LEADER 00000naa a2200000 4500
001 r033337
005 20230919122835.0
041 0 |a slo 
044 |a SK 
245 1 0 |a Agentúry domácej starostlivosti v závoze  |c Dagmar Krištofičová 
520 |a Na Slovensku sa doteraz lacnejší a humánnejší prístup k liečbe pacienta neujal, ADOS sú zatiaľ najslabším článkom poskytovanej zdravotnej starostlivosti. Finančné náklady na domácu starostlivosť sú nižšie ako na nemocničnú. Zavádzanie riadenej zdravotnej starostlivosti v USA. Tvorba a zdroje príjmov ADOS v Rakúsku. Humanizácia starostlivosti o chorých a lacnejšie riešenie na Slovensku. 
610 2 0 |a starostlivosť zdravotná 
610 2 0 |a financie 
610 2 0 |a nemocnice 
610 2 0 |a domácnosti 
610 2 0 |a záujmy ekonomické 
610 2 0 |a Slovensko 
610 2 0 |a USA 
610 2 0 |a Rakúsko 
610 2 0 |a ADOS 
100 1 |a Krištofičová, Dagmar